| 000 | 00682cam a22002292 4500 | ||
|---|---|---|---|
| 001 | 0000023568 | ||
| 005 | 20151217152244.0 | ||
| 008 | 130228s xx 000 0 eng d | ||
| 020 | _a0123747167 : | ||
| 040 |
_aKABU _cKABU |
||
| 100 | 1 |
_aChaparro, Luis F. _@0000183152 |
|
| 245 | 1 | 0 |
_aSignals and systems : _busing MATLAB / _c2010. |
| 250 | _a1st ed. | ||
| 260 |
_aAmsterdam : _bElsevier, _c2010. |
||
| 300 | _axvi, 752 p. | ||
| 650 | 0 |
_aSignal processing _xDigital techniques. _@0000170024 |
|
| 650 | 0 |
_aSystem analysis. _@0000148439 |
|
| 650 | 0 |
_aMATLAB. _@0000178292 |
|
| 852 | 1 | _9p2995 KES | |
| 908 | _a130228 | ||
| 950 | _@1 | ||
| 999 |
_c9869 _d9869 |
||